<?xml version="1.0" encoding="UTF-8"?>
<record
    xmlns:xsi="http://www.w3.org/2001/XMLSchema-instance"
    xsi:schemaLocation="http://www.loc.gov/MARC21/slim http://www.loc.gov/standards/marcxml/schema/MARC21slim.xsd"
    xmlns="http://www.loc.gov/MARC21/slim">

  <leader>00500nad a22001811nc4500</leader>
  <controlfield tag="001">a987667918+Band2</controlfield>
  <controlfield tag="003">RU-10907106</controlfield>
  <controlfield tag="005">20221125124514.0</controlfield>
  <controlfield tag="008">181120s2013    gw ||||        000u ger d</controlfield>
  <datafield tag="020" ind1=" " ind2=" ">
    <subfield code="a">9783835312678</subfield>
    <subfield code="9">978-3-8353-1267-8</subfield>
  </datafield>
  <datafield tag="035" ind1=" " ind2=" ">
    <subfield code="a">a987667918</subfield>
  </datafield>
  <datafield tag="040" ind1=" " ind2=" ">
    <subfield code="c">RU-10907106</subfield>
    <subfield code="a">RU-10907106</subfield>
    <subfield code="b">ger</subfield>
  </datafield>
  <datafield tag="245" ind1="0" ind2="0">
    <subfield code="a">Tageb&#xFC;cher</subfield>
    <subfield code="n">Band 2 </subfield>
    <subfield code="p">1892-1897</subfield>
    <subfield code="p"> </subfield>
  </datafield>
  <datafield tag="264" ind1=" " ind2="1">
    <subfield code="a">G&#xF6;ttingen :</subfield>
    <subfield code="b">Wallstein Verlag,</subfield>
    <subfield code="c">2013</subfield>
  </datafield>
  <datafield tag="300" ind1=" " ind2=" ">
    <subfield code="a">717 Seiten</subfield>
  </datafield>
  <datafield tag="773" ind1="0" ind2="8">
    <subfield code="w">a987667918</subfield>
    <subfield code="q">Band2</subfield>
  </datafield>
  <datafield tag="942" ind1=" " ind2=" ">
    <subfield code="c">MG</subfield>
    <subfield code="2">z</subfield>
  </datafield>
  <datafield tag="999" ind1=" " ind2=" ">
    <subfield code="c">51826</subfield>
    <subfield code="d">51826</subfield>
  </datafield>
  <datafield tag="952" ind1=" " ind2=" ">
    <subfield code="0">0</subfield>
    <subfield code="1">0</subfield>
    <subfield code="2">z</subfield>
    <subfield code="4">0</subfield>
    <subfield code="7">0</subfield>
    <subfield code="a">DHIM</subfield>
    <subfield code="b">DHIM</subfield>
    <subfield code="c">GEN-1</subfield>
    <subfield code="d">2018-11-20</subfield>
    <subfield code="i">18-02408</subfield>
    <subfield code="o">D 44 v Pri 1 (2)</subfield>
    <subfield code="p">E00401506CBE0457</subfield>
    <subfield code="r">2020-09-29 00:00:00</subfield>
    <subfield code="w">2021-03-22</subfield>
    <subfield code="y">MG</subfield>
  </datafield>
</record>
